Classical electrodynamics

Bewaard in:
Bibliografische gegevens
Hoofdauteur: Greiner, Walter (Auteur)
Formaat: Boek
Taal:Engels
Gepubliceerd in: Nueva York Springer 1996
Editie:1a. ed
Reeks:Theoritical Physics
Onderwerpen:
Tags: Voeg label toe
Geen labels, Wees de eerste die dit record labelt!

MARC

LEADER 00000cam a2200000 a 4500
001 UCE6190
003 CL-VaPUC
008 150326e19960000us |||||||||||||||||eng|d
020 |a 9780387947990 
082 0 4 |a 537.6  |b GRE  |2 21 
100 |a Greiner, Walter  |e author  |9 578810 
245 1 0 |a Classical electrodynamics 
250 |a 1a. ed 
300 |a 555 p 
942 |c BK 
945 |d 20150326 13:02:00  |a arojas 
260 |a Nueva York  |b Springer  |c 1996 
650 0 |a Electrodinámica   |9 317185 
650 0 |a Electrostática  |9 351592 
650 0 |a Teoría de la relatividad   |9 266149 
650 0 |a Electromagnetismo   |9 260123 
650 0 |a partículas elementales  |9 349874 
583 |a last modification  |c 20150326 13:02:00  |k Rodrigo Vera 
490 0 |a Theoritical Physics 
999 |c 358576  |d 358574 
952 |0 0  |1 0  |3 erb  |4 0  |6 537_600000000000000_GRE_1996  |7 0  |8 A  |9 467386  |a BIBCUR  |b BIBCUR  |i 5142652  |l 4  |o 537.6 GRE 1996  |p 5142652  |r 2025-04-22  |s 2024-04-29  |w 2019-11-23  |y BK  |z Catalogado en:20150326  |k FIS